00000000nam 2200000zi 4500
0019.947107
003CaOODSP
00520250324131006
006m     o  d f      
007cr mn|||||||||
008250120e19820908oncad   ob   f000 0 fre d
040 |aCaOODSP|bfre|erda|cCaOODSP
043 |an-cn---
0861 |aCo26-32/1982F-PDF
24500|aPrévision du marché pour le matériel de bureautique et les services de communications au gouvernement fédéral / |cpréparé par DPA Consulting Ltd.
264 1|aOttawa (Ontario) : |bMinistère des Communications, |c8 septembre 1982.
300 |a1 ressource en ligne (1 volume (en pagination multiple)) : |billustrations, graphiques
336 |atexte|btxt|2rdacontent/fre
337 |ainformatique|bc|2rdamedia/fre
338 |aressource en ligne|bcr|2rdacarrier/fre
500 |aÉdition numérisée de l'imprimé [par Innovation, sciences et développement économique Canada].
500 |aPublié aussi en anglais sous le titre : Forecast of federal government market for office automation equipment & communication services.
504 |aComprend des références bibliographiques.
650 6|aMinistères|zCanada.
650 6|aBureaux|xAppareils et matériel|zCanada.
650 6|aBureautique|zCanada.
7101 |aCanada. |bMinistère des communications, |eorganisme de publication.
77508|tForecast of federal government market for office automation equipment & communication services / |w(CaOODSP)9.939559
85640|qPDF|s2.86 Mo|uhttps://publications.gc.ca/collections/collection_2025/isde-ised/co26/Co26-32-1982-fra.pdf